header

Effective operations and controls for the small privately held business (Record no. 19098)

MARC details
000 -LEADER
fixed length control field 01258nam a2200337 a 4500
082 04 - DEWEY DECIMAL CLASSIFICATION NUMBER
Classification number 658.02/2
100 1# - MAIN ENTRY--AUTHOR NAME
Personal name Reider, Rob,
245 10 - TITLE STATEMENT
Title Effective operations and controls for the small privately held business
260 ## - PUBLICATION, DISTRIBUTION, ETC. (IMPRINT)
Place of publication Hoboken, N.J. :
Name of publisher John Wiley & Sons,
Year of publication c2008.
300 ## - PHYSICAL DESCRIPTION
Number of Pages xvii, 396 p. :
Other physical details ill.
500 ## - GENERAL NOTE
General note Includes index.
650 #0 - SUBJECT ADDED ENTRY--TOPICAL TERM
Topical Term Small business
Topical Term Private companies
856 40 - ELECTRONIC LOCATION AND ACCESS
Uniform Resource Identifier http://site.ebrary.com/lib/rucke/Doc?id=10278217

No items available.

© 2026 Rongo University
Contact us: librarian | system librarian | Rongo university